LEADER 01505nam a2200325 a 4500 001 000000168953 003 CaOOAMICUS 005 20180720113441.0 008 180720m19211927it af u000 u ita r 032 $aLibriCat 040 $aPUL$bita 041 1 $aita$hgrc 100 0 $aHomerus,$dsec. VIII a.C.$0(OLS)http://pul/name/7026 240 10$aIlias.$lItaliano.$0(OLS)http://pul/title/71374 245 12$aL'Iliade d'Omero /$c[traduzione di] Vincenzo Monti ; introduzione e note di Roberto D'Alfonso. 260 $aTorino :$bUnione Tipografica Editrice Torinese,$c1921-1927. 300 $a2 v. :$bill., tav. ;$c18 cm. 490 1 $aCollezione di classici italiani con note ;$v44-45 700 1 $aD'Alfonso, Roberto.$0(OLS)http://pul/name/108879 700 1 $aMonti, Vincenzo,$d1754-1828.$0(OLS)http://pul/name/17478 830 0$aCollezione di classici italiani con note ;$v44-45.$0(OLS)http://pul/title/7063 850 $aPUL 852 $aPUL$W1$xDP1 Fondo Dalla Palma$y117$m9 B 30.1$j192283$bv. 1$qFondi$B196909$CPULBib$Z2$F196909 $HDal242 $81 852 $aPUL$W1$xDP1 Fondo Dalla Palma$y117$m9 B 30.2$j192284$bv. 2$qFondi$B196910$CPULBib$Z2$F196910 $HDal918 $81 900 $aHomer$97026 900 $aOmero$dsec. VIII a.C.$97026 941 1 $a1 996 $6245$aL'Iliade d'Omero$9(OLS)http://pul/title/209495 996 $6260$aTorino :$bUnione Tipografica Editrice Torinese$9(OLS)http://pul/publisher/64159 LEADER 02012nam a2200409 a 4500 001 000000124954 003 CaOOAMICUS 005 20110406175253.0 008 110406s2010 it u000 u ita r 020 $a978-88-7094-639-0 040 $aPUL$bita 041 1 $aita$hlat 082 04$a270.1 100 0 $aOrigenes,$d184-253.$0(OLS)http://pul/name/1274 240 10$aIn Librum Iudicum homiliae IX.$lLatino e italiano.$0(OLS)http://pul/title/157527 245 10$aOmelie sui Giudici :$btesto della versione latina di Rufino /$cintroduzione, note e indice di Pierre Messié, Louis Neyrand, Marcel Borret ; traduzione italiana e aggiornamento di Riccardo Pane. 260 $aRoma :$bEdizioni San Clemente ;$aBologna :$bEdizioni Studio Domenicano,$c2010. 300 $a253 p. ;$c20 cm 490 1 $aSources chrétiennes. Edizione italiana ;$v9 500 $aBibliografia in nota. 700 1 $aPane, Riccardo,$d1972-$0(OLS)http://pul/name/57013 700 1 $aMessié, Pierre,$cS.I.$0(OLS)http://pul/name/11707 700 1 $aNeyrand, Louis,$cS.I.$0(OLS)http://pul/name/15235 700 1 $aBorret, Marcel,$cS.I.$0(OLS)http://pul/name/7605 700 1 $aRufinus, Tyrannius,$dc. 345-410.$0(OLS)http://pul/name/2367 830 0$aSources chrétiennes. Edizione italiana ;$v9.$0(OLS)http://pul/title/142077 850 $aPUL 852 $aPUL$W1$xSL Religione 3$y85$m270. 1 COLL 2.9$j143852$qDDC 21$B142904$CPULBib$Z2$F142904 $H116519 $82 900 $aOrigene,$d184-253$91274 900 $aRufino di Aquileia,$dc. 345-410$92367 941 1 $a9 996 $6020$a978-88-7094-639-0$9(OLS)http://pul/number/146868 996 $6082$a270.1$9(OLS)http://pul/classification/305 996 $6245$aOmelie sui Giudici :$btesto della versione latina di Rufino$9(OLS)http://pul/title/157528 996 $6260$aRoma :$bEdizioni San Clemente$9(OLS)http://pul/publisher/80048 996 $6260$aBologna :$bEdizioni Studio Domenicano$9(OLS)http://pul/publisher/49136